[Event "ESP-ch U12 rapid"]
[Site "Salobrena"]
[Date "2024.07.14"]
[Round "9"]
[White "Escobar Garcia, Alberto"]
[Black "Martinez Correa, Rafael"]
[Result "1-0"]
[WhiteElo "1834"]
[BlackElo "1689"]
[PlyCount "109"]
[EventDate "2024.07.13"]
[EventType "swiss (rapid)"]
[EventRounds "9"]
[EventCountry "ESP"]
[SourceTitle "EXT 2025"]
[Source "ChessBase"]
[SourceDate "2024.10.14"]
[SourceVersion "1"]
[SourceVersionDate "2024.10.14"]
[SourceQuality "1"]

1. e4 c5 2. Nf3 Nc6 3. c3 d5 4. exd5 Qxd5 5. d4 Bf5 6. Be2 cxd4 7. Nxd4 Nxd4 8. cxd4 Bxb1 9. Rxb1 a6 10. b3 Nf6 11. 0-0 e6 12. Bc4 Qd7 13. Bg5 Be7 14. Rc1 0-0 15. Bd3 h6 16. Be3 Nd5 17. Bd2 Rac8 18. Qf3 Rxc1 19. Rxc1 Rc8 20. Rxc8+ Qxc8 21. Be4 Qd7 22. g3 Bf6 23. Be3 Nxe3 24. fxe3 b6 25. Qe2 Qa7 26. Qc4 g6 27. Bd3 a5 28. Qc8+ Kg7 29. Qc6 Bd8 30. a4 Qc7 31. Qxc7 Bxc7 32. Kf2 Kf6 33. Bb5 Ke7 34. e4 Kd6 35. Ke3 Bd8 36. e5+ Kc7 37. Be8 g5 38. Bxf7 Kd7 39. Bg8 Ke7 40. Ke4 Bc7 41. Bh7 Kf7 42. Bf5 exf5+ 43. Kxf5 Ke7 44. d5 Bd8 45. Kg6 Bc7 46. d6+ Bxd6 47. exd6+ Kxd6 48. Kxh6 Kc5 49. Kxg5 Kb4 50. h4 Kxb3 51. h5 Kxa4 52. h6 b5 53. h7 b4 54. h8Q Ka3 55. Qa1+ 1-0

[Event "ESP-ch U12 rapid"]
[Site "Salobrena"]
[Date "2024.07.13"]
[Round "3"]
[White "Escobar Garcia, Alberto"]
[Black "Quiroga Andres, Carlos"]
[Result "1-0"]
[WhiteElo "1834"]
[BlackElo "1649"]
[PlyCount "65"]
[EventDate "2024.07.13"]
[EventType "swiss (rapid)"]
[EventRounds "9"]
[EventCountry "ESP"]
[SourceTitle "EXT 2025"]
[Source "ChessBase"]
[SourceDate "2024.10.14"]
[SourceVersion "1"]
[SourceVersionDate "2024.10.14"]
[SourceQuality "1"]

1. e4 c5 2. Nf3 d6 3. c3 Nc6 4. d4 cxd4 5. cxd4 g6 6. Bb5 Bd7 7. 0-0 Bg7 8. Nc3 a6 9. Ba4 Qc7 10. Be3 Nf6 11. Rc1 Qa5 12. d5 Ne5 13. Nxe5 dxe5 14. Bxd7+ Nxd7 15. d6 e6 16. Qb3 b5 17. Ne2 0-0 18. Rc7 Rfd8 19. Rfc1 Bf8 20. R7c6 Nb8 21. Bb6 Qd2 22. R6c2 Qxd6 23. Bxd8 Qxd8 24. Rc8 Qd2 25. Ng3 Qd6 26. Rd1 Qb6 27. Rdd8 Qa5 28. Rxf8+ Kg7 29. Rg8+ Kf6 30. Qf3+ Ke7 31. Rce8+ Kd7 32. Qxf7+ Kc6 33. Rc8+ 1-0

[Event "ESP-ch U12"]
[Site "Salobrena"]
[Date "2024.07.11"]
[Round "6"]
[White "Escobar Garcia, Alberto"]
[Black "Quiroga Andres, Carlos"]
[Result "0-1"]
[WhiteElo "1645"]
[BlackElo "1769"]
[PlyCount "64"]
[EventDate "2024.07.08"]
[EventType "swiss"]
[EventRounds "9"]
[EventCountry "ESP"]
[SourceTitle "EXT 2025"]
[Source "ChessBase"]
[SourceDate "2024.10.14"]
[SourceVersion "1"]
[SourceVersionDate "2024.10.14"]
[SourceQuality "1"]

1. c4 Nf6 2. g3 g6 3. Bg2 Bg7 4. Nc3 0-0 5. Nf3 d6 6. d4 Nbd7 7. 0-0 e5 8. Bg5 Re8 9. Qc2 h6 10. Bxf6 Nxf6 11. dxe5 dxe5 12. Rfd1 Qe7 13. Nd5 Nxd5 14. cxd5 e4 15. Nd4 e3 16. Nb5 Bf5 17. Qc4 exf2+ 18. Kf1 Bxb2 19. Nxc7 Bxa1 20. d6 Qf6 21. Qb5 Qe5 22. d7 Qxb5 23. dxe8Q+ Rxe8 24. Nxb5 Bf6 25. Kxf2 Bg4 26. Rd2 Bg5 27. Rc2 Be3+ 28. Kf1 Rd8 29. Ke1 a6 30. Na3 b5 31. Nb1 Bf5 32. Rb2 Rc8 0-1

[Event "ESP-ch U12"]
[Site "Salobrena"]
[Date "2023.07.11"]
[Round "3"]
[White "Escobar Garcia, Alberto"]
[Black "Surov, Georgii"]
[Result "1-0"]
[WhiteElo "1260"]
[BlackElo "1492"]
[PlyCount "119"]
[EventDate "2023.07.10"]
[EventType "swiss"]
[EventRounds "9"]
[EventCountry "ESP"]
[SourceTitle "EXT 2024"]
[Source "ChessBase"]
[SourceDate "2023.10.10"]
[SourceVersion "1"]
[SourceVersionDate "2023.10.10"]
[SourceQuality "1"]

1. e4 e6 2. d4 d5 3. exd5 exd5 4. c4 c6 5. h3 Qe7+ 6. Qe2 Nf6 7. Bg5 Qxe2+ 8. Bxe2 Bb4+ 9. Bd2 Na6 10. a3 Bxd2+ 11. Nxd2 0-0 12. 0-0-0 Be6 13. Ngf3 Rfe8 14. c5 Nc7 15. Rhe1 Ne4 16. Nxe4 dxe4 17. Nd2 f5 18. Bc4 Nd5 19. g3 Rad8 20. Nb3 Kf8 21. Na5 Re7 22. Kc2 Rc8 23. Bb3 b5 24. cxb6 axb6 25. Nc4 c5 26. Kb1 g6 27. Ba2 Kg7 28. Nd6 Rc6 29. dxc5 Rxc5 30. Rc1 Rec7 31. Ne8+ Kf7 32. Nxc7 Rxc7 33. Rxc7+ Nxc7 34. Bxe6+ Nxe6 35. Rc1 Ng5 36. h4 Nh3 37. Rf1 Ke6 38. f3 Ke5 39. Kc2 Kd4 40. fxe4 fxe4 41. Kd2 e3+ 42. Ke2 Nf2 43. Rc1 Ne4 44. Rd1+ Nd2 45. Rc1 Ne4 46. g4 h5 47. g5 Ng3+ 48. Kf3 Nf5 49. Kf4 Nxh4 50. Rd1+ Kc4 51. Kxe3 Nf5+ 52. Kd2 h4 53. Rb1 Kb3 54. Rc1 Kxb2 55. Rc6 h3 56. Rxb6+ Kxa3 57. Kc3 Ka4 58. Rxg6 Nh4 59. Rh6 Nf3 60. g6 1-0

[Event "ESP-ch U12"]
[Site "Salobrena"]
[Date "2023.07.10"]
[Round "1"]
[White "Escobar Garcia, Alberto"]
[Black "Herraiz Gomez, Iker"]
[Result "0-1"]
[WhiteElo "1260"]
[BlackElo "1787"]
[PlyCount "44"]
[EventDate "2023.07.10"]
[EventType "swiss"]
[EventRounds "9"]
[EventCountry "ESP"]
[SourceTitle "EXT 2024"]
[Source "ChessBase"]
[SourceDate "2023.10.10"]
[SourceVersion "1"]
[SourceVersionDate "2023.10.10"]
[SourceQuality "1"]

1. e4 e6 2. d4 d5 3. Nc3 Bb4 4. exd5 exd5 5. Bd2 Nf6 6. a3 Be7 7. Qe2 0-0 8. 0-0-0 Nc6 9. Be3 Na5 10. Qd2 Be6 11. Bd3 b6 12. f3 c5 13. g4 c4 14. Be2 b5 15. Na2 Nc6 16. h4 b4 17. axb4 Qb6 18. h5 Nxb4 19. Nxb4 Bxb4 20. c3 Be7 21. g5 Qa5 22. gxf6 Qa1+ 0-1

[Event "ESP-ch U12"]
[Site "Salobrena"]
[Date "2022.07.15"]
[Round "7"]
[White "Escobar Garcia, Alberto"]
[Black "Bermudez Salmon, Mateo Tomas"]
[Result "0-1"]
[WhiteElo "1152"]
[BlackElo "1368"]
[PlyCount "49"]
[EventDate "2022.07.04"]
[EventType "swiss"]
[EventRounds "9"]
[EventCountry "ESP"]
[SourceTitle "EXT 2023"]
[Source "ChessBase"]
[SourceDate "2022.10.05"]
[SourceVersion "1"]
[SourceVersionDate "2022.10.05"]
[SourceQuality "1"]

1. e4 c5 2. Nf3 Nc6 3. Bb5 g6 4. c3 d5 5. exd5 Qxd5 6. d4 Bg4 7. c4 Qe4+ 8. Qe2 Qxe2+ 9. Kxe2 cxd4 10. Nbd2 e5 11. h3 Bxf3+ 12. Nxf3 0-0-0 13. Bxc6 bxc6 14. Rd1 Bg7 15. Ng5 Rd7 16. f4 h6 17. Nf3 e4 18. Ne5 Bxe5 19. fxe5 f5 20. b3 Ne7 21. Bb2 Rhd8 22. Rd2 f4 23. Rf1 d3+ 24. Ke1 e3 25. c5 0-1